| 000 | 00856nam a2200265Ia 4500 | ||
|---|---|---|---|
| 003 | OSt | ||
| 005 | 20221005052339.0 | ||
| 006 | a|||||r|||| 00| 0 | ||
| 007 | ta | ||
| 008 | 221004b |||||||| |||| 00| 0 eng d | ||
| 020 | _a0 7191 2169 8 | ||
| 024 | _a38009 | ||
| 037 | _cTextual | ||
| 040 |
_aCRL _cCRL _beng |
||
| 041 |
_2eng _aeng |
||
| 082 | _aO111,2J64,35, L0 | ||
| 100 | _aShakespeare William | ||
| 245 | 0 |
_aMidsummer night's dream, 1856 _b Arranged for represenation at the Princess's theatre with historical and explanatory notes by Charles Kean |
|
| 260 |
_aLondon _bCornmarket Press UK _c1970 |
||
| 300 |
_a60p. _ccm. |
||
| 490 | _aSecond series of adaptations of Shakespeare's plays | ||
| 650 | _aENGLISH LITERATURE | ||
| 942 |
_hO111,2J64,35, L0 _cTEXL _2cc |
||
| 999 |
_c960240 _d960240 |
||